The government of Canada / (Record no. 4745)
[ view plain ]
| 000 -LEADER | |
|---|---|
| fixed length control field | 00890nam a2200277 a 4500 |
| 001 - CONTROL NUMBER | |
| control field | 4745 |
| 003 - CONTROL NUMBER IDENTIFIER | |
| rucl marc code | BD-RjUL |
| 005 - DATE AND TIME OF LATEST TRANSACTION | |
| control field | 20211208233940.0 |
| 008 - FIXED-LENGTH DATA ELEMENTS--GENERAL INFORMATION | |
| fixed length control field | 131223s1954 onc b 001 0 eng d |
| 035 ## - SYSTEM CONTROL NUMBER | |
| System control number | (BD-RjUL)4780 |
| 040 ## - CATALOGING SOURCE | |
| Original cataloging agency | BD-RjUL |
| Language of cataloging | eng |
| Transcribing agency | BD-RjUL |
| 041 ## - LANGUAGE CODE | |
| Language code of text/sound track or separate title | eng |
| 082 ## - DEWEY DECIMAL CLASSIFICATION NUMBER | |
| Classification number | 342.71 |
| Author mark and year | DAG 1956 |
| 100 1# - MAIN ENTRY--PERSONAL NAME | |
| Personal name | Dawson, Robert MacGregor, |
| Dates associated with a name | 1895-1958. |
| 9 (RLIN) | 14966 |
| 245 14 - TITLE STATEMENT | |
| Title | The government of Canada / |
| Statement of responsibility, etc. | Robert MacGregor Dawson |
| 250 ## - EDITION STATEMENT | |
| Edition statement | 2nd ed., rev |
| 260 ## - PUBLICATION, DISTRIBUTION, ETC. (IMPRINT) | |
| Place of publication, distribution, etc. | Toronto : |
| Name of publisher, distributor, etc. | University of Toronto Press, |
| Date of publication, distribution, etc. | c1954 [ reprinted 1956]. |
| 300 ## - PHYSICAL DESCRIPTION | |
| Pagination | x, 667 p. ; |
| Size | 23 cm |
| 490 1# - SERIES STATEMENT | |
| Series statement | Canadian government series ; |
| Volume/sequential designation | 2 |
| 504 ## - BIBLIOGRAPHY, ETC. NOTE | |
| Bibliography, etc | Includes bibliographical references and index |
| 650 #0 - SUBJECT ADDED ENTRY--TOPICAL TERM | |
| Topical term or geographic name as entry element | Constitutional history |
| Geographic subdivision | Canada |
| 9 (RLIN) | 14967 |
| 651 #0 - SUBJECT ADDED ENTRY--GEOGRAPHIC NAME | |
| Geographic name | Canada |
| General subdivision | Politics and government |
| 9 (RLIN) | 11224 |
| 830 #0 - SERIES ADDED ENTRY--UNIFORM TITLE | |
| Volume number/sequential designation | 2 |
| Uniform title | Canadian government series ; |
| 942 ## - ADDED ENTRY ELEMENTS (KOHA) | |
| Source of classification or shelving scheme | Dewey Decimal Classification |
| Koha item type | Books |
| Lost status | Source of classification or shelving scheme | Damaged status | Not for loan | Collection code | Permanent Location | Current Location | Shelving location | Date acquired | Source of acquisition | Total Checkouts | Full call number | Date last seen | Copy number | Koha item type | Cost, normal purchase price |
|---|---|---|---|---|---|---|---|---|---|---|---|---|---|---|---|
| Dewey Decimal Classification | Not For Loan | Non-fiction | Central Library, University of Rajshahi | Central Library, University of Rajshahi | 11/03/1958 | H. C. of Canada | 342.71 DAG 1956 | 23/12/2013 | C-1 | Books | |||||
| Dewey Decimal Classification | Non-fiction | Central Library, University of Rajshahi | Central Library, University of Rajshahi | 31/10/1955 | O. U. P | 342.71 DAG 1954 | 15/06/2014 | C-2 | Books | 47.00 |